| 000 | 02926nam0a2200481 4500 | ||
|---|---|---|---|
| 001 | RU\NLR\bibl\999185 | ||
| 005 | 20260407144145.0 | ||
| 010 |
_a5-317-01690-8 _9100 |
||
| 021 |
_aRU _b2006-54026 _92672 |
||
| 035 | _a(nilc)RSL-KNO-002929261 | ||
| 035 | _a(NLR Aleph) 000986923 | ||
| 090 |
_a494467 _c494467 |
||
| 100 | _a20060915d2006 |||y0rusy50 ca | ||
| 101 | 0 |
_arus _aeng _eeng |
|
| 102 | _aRU | ||
| 105 | _ay ||||||||| | ||
| 106 | _ar | ||
| 200 | 1 |
_aТеоретические основы информационной безопасности _dTheoretical basis of information security _e[учебное пособие _eпо курсу лекций на летней школе] _fА. А. Грушо _gInternational summer school "Mathematical methods and technologies in computer security" (July 9-23, 2006) _zeng |
|
| 210 |
_aМосква _cМАКС Пресс _d2006 _eМ. _gМГУ им. М.В. Ломоносова |
||
| 215 |
_a47, [1] с. _cил. _d21 |
||
| 225 | 1 | _aApplied mathematics and informatics | |
| 300 | _aОбл. на англ. яз. | ||
| 300 | _aАвт. также на англ. яз.: A.A. Grusho | ||
| 300 | _aВ надзаг.: Московский гос. ун-т им. М. В. Ломоносова, Фак. вычислительной математики и кибернетики | ||
| 300 | _aТекст на англ. яз. | ||
| 320 | _aБиблиогр. в конце кн. (5 назв.) | ||
| 512 | 1 |
_6z22790 _aTheoretical basis of information security |
|
| 606 | 1 |
_aВычислительные системы _jУчебные издания для высших учебных заведений _xЗащита информации _91319990 _3RU\NLR\auth\66232387 |
|
| 610 | 0 | _aВычислительная техника -- Вычислительные машины электронные цифровые -- Автоматическая обработка информации -- Безопасность -- Учебник для высшей школы | |
| 610 | 0 | _aидентификация пользователей вычислительных систем | |
| 610 | 0 | _aкомпьютерные вирусы | |
| 610 | 0 | _aобнаружение вторжения | |
| 686 |
_aЗ973.233-021.3я73-1 _2rubbk |
||
| 686 | _aЗ973.202-018-07я73-2 | ||
| 700 | 1 |
_4070 _8rus _7ca _aГрушо _bА. А. _gАлександр Александрович _3RU\NLR\auth\7744845 _927785 |
|
| 712 | 1 | 2 |
_4570 _a"Математические основы и технологии защиты информации", международная летняя школа _f2006 _eМосква _3RU\NLR\AUTH\8810087650 _9676923 |
| 790 | 1 |
_4070 _8rus _7ba _aGrušo _bA. A. _gAleksandr Aleksandrovič _3RU\NLR\auth\7744850 _927790 |
|
| 801 | 0 |
_aRU _bРКП _c20060915 _grcr |
|
| 801 | 1 |
_aRU _bРГБ _c20060915 |
|
| 801 | 2 |
_aRU _bNLR _c20061019 _grcr |
|
| 942 | _cBOOK | ||
| 980 | _aNB | ||